A Winter's Tale on the Chesapeake: The Hardships Endured by Polish Oyster Dredgers before the First World War

Titel: A Winter's Tale on the Chesapeake: The Hardships Endured by Polish Oyster Dredgers before the First World War / Thomas L. Hollowak
Verfasser:
In: Polish American studies, Band 75, Heft 1 (2018), Seite 41-67
alle Artikel anzeigen
Veröffentlicht: 2018
Umfang: 7 Illustrationen
Format: Aufsatz
Sprache: Englisch
Schlagworte:
Kein Bild verfügbar
X
alg: 50945851
001A    $03025:10-07-23 
001B    $01999:10-07-23 $t22:41:16.000 
001D    $03025:10-07-23 
001U    $0utf8 
001X    $00 
002@    $0Oou 
002C    $aText $btxt $2rdacontent 
002D    $aComputermedien $bc $2rdamedia 
002E    $aOnline-Ressource $bcr $2rdacarrier 
003@    $0509458513 
007A    $0509458513 $aHEB 
009Q    $uhttps://doi.org/10.5406/poliamerstud.75.1.0041 $xH 
009Q    $uhttps://www.jstor.org/stable/10.5406/poliamerstud.75.1.0041 $xH 
010@    $aeng 
010E    $erda 
011@    $a2018 
021A    $aA @Winter's Tale on the Chesapeake: The Hardships Endured by Polish Oyster Dredgers before the First World War $hThomas L. Hollowak 
028A    $BVerfasser $4aut $8Hollowak, Thomas L. [Tnu] $9509458459 
031A    $d75 $e1 $h41-67 $j2018 
034M    $a7 Illustrationen 
039B    $aEnthalten in $8--Obvc--. Polish American studies. - Champaign, Ill. : University of Illinois Press, 1944-. - Online-Ressource. - ISSN 2330-0833 $x201800000750001959 $9212438581 
044K    $#Chesapeake Bay $#Chesapeakebai $74085241-6 $8Chesapeake Bay [Tg1] $9085235318 
044K    $RPolin $#Polish people $#Polonais $#Polen (Personen) $#Pole $74046497-0 $8Polen$gVolk [Ts1] $908512981X 
044K    $REinwanderung $REinwanderin $#Immigrants $#Immigrés $#Migranten $#Einwanderung $#Migrant $#Immigrant $#Migrant Einwanderer $#Zuwanderer Einwanderer $74151434-8 $8Einwanderer [Ts1] $9085628204 
044K    $RLandwirtschaftlicher Beruf $RFischerin $#Fishers $#Pêcheurs $#Pescadores $#fishers $74140853-6 $8Fischer [Ts1] $9085542016 
044K    $RNotlage $#Distress (Psychology) $#Notlage $#Not Elend $#Trübsal $74294726-1 $8Elend [Ts1] $9086603868 
044K    $RMacht $#Violence $#Violence $#Violencia $#Gewalt $#Gewalt $74020832-1 $8Gewalt [Ts1] $9085050555 
045R    $aGeschichte 1865-1912 
045T    $a7,41 

lok: 50945851 78

exp: 50945851 78 1 #EPN
201B/01 $010-07-23 $t10:34:38.000 
201C/01 $010-07-23 
201U/01 $0utf8 
203@/01 $01239738293 
208@/01 $a10-07-23 $be 
209A/01 $a/ $f000 $x00 
209A/01 $ab*p $x01 
220C/01 $apgar 
244Z/01 $#Generalgouvernement Polen $#Polska $#Rzeczpospolita Polska $#Polska Rzeczpospolita Ludowa $#Poland $#Pologne $#République Polonaise $#Generalne Gubernatorstwo w Polsce $#Polish People's Republic $#Polska Rzeczpospolita Polen $#PRL $#RP $#Polen Generalgouvernement $#Polska Generalgouvernement $#Besetzte Polnische Gebiete $#Besetztes Gebiet in Polen $#Okupowane Polskie Obszary $#Obszary Okupowane w Polsce $#Volksrepublik Polen $#Polska Rosyjska $#Republic Polen $#Respublika Pol'ša $#Pol'skaja Narodnaja Respublika $#République de Pologne $#Polen Links der Weichsel $#Polska po Lewej Stronie Wisły $#Lenkija $#Polija $#Gubernija Carstva Pol'skago $#Republik Polen $74046496-9 $8--Tg1--Polen $x01 $9085129801 
247C/01 $82080>Marburg/Lahn, Herder-Institut, Forschungsbibliothek, Bibliographieportal $9336309341
LEADER 00000caa a2200000 c 4500
001 509458513
003 DE-603
005 20230710224116.0
007 cr||||||||||||
008 230710s2018 xx |||| o| u00||u|eng c
035 |a (DE-599)HEB509458513 
040 |a DE-603  |b ger  |c DE-603  |d DE-603  |e rda 
041 |a eng 
084 |a 7,41  |2 ssgn 
100 1 |a Hollowak, Thomas L.  |e Verfasser  |4 aut  |0 (DE-603)509458459 
245 0 0 |a ˜Aœ Winter's Tale on the Chesapeake: The Hardships Endured by Polish Oyster Dredgers before the First World War  |c Thomas L. Hollowak 
264 0 |c 2018 
300 |b 7 Illustrationen 
336 |a Text  |b txt  |2 rdacontent 
337 |a Computermedien  |b c  |2 rdamedia 
338 |a Online-Ressource  |b cr  |2 rdacarrier 
648 7 |a Geschichte 1865-1912  |2 gnd 
650 7 |a Polen  |g Volk  |0 (DE-588)4046497-0  |0 (DE-603)08512981X  |2 gnd 
650 7 |a Einwanderer  |0 (DE-588)4151434-8  |0 (DE-603)085628204  |2 gnd 
650 7 |a Fischer  |0 (DE-588)4140853-6  |0 (DE-603)085542016  |2 gnd 
650 7 |a Elend  |0 (DE-588)4294726-1  |0 (DE-603)086603868  |2 gnd 
650 7 |a Gewalt  |0 (DE-588)4020832-1  |0 (DE-603)085050555  |2 gnd 
651 7 |a Chesapeake Bay  |0 (DE-588)4085241-6  |0 (DE-603)085235318  |2 gnd 
773 0 8 |i Enthalten in  |t Polish American studies  |d Champaign, Ill. : University of Illinois Press, 1944-  |h Online-Ressource  |x 2330-0833  |g Band 75, Heft 1 (2018), Seite 41-67  |w (DE-603)212438581  |w (DE-600)2495069-5 
856 |u https://doi.org/10.5406/poliamerstud.75.1.0041  |x Verlag 
856 |u https://www.jstor.org/stable/10.5406/poliamerstud.75.1.0041  |x Verlag 
924 1 |9 2080  |a (DE-603)1239738293  |b DE-2080  |c HES  |d d  |g /